000
00310 a2200109 4500
000
nam a22 7a 4500
005
20260311123832.0
100
_a
Nandi, Upendranath
_9
1131663
245
_a
Heat and thermodynamics: Theory, problems and solutions
260
_b
Cambridge University Press
_c
2025
942
_c
AUD
999
_c
1715113
_d
1715113